Azərbaycanın futbol komandaları - Statistics

General Stats
  • This quiz has been taken 21 times
    6 since last reset
  • The average score is 18 of 33
Answer Stats
Team % Correct
Neftçi
100%
Qarabağ
100%
Sabah
100%
Şamaxı
100%
Araz-Naxçıvan
83%
Kəpəz
83%
Qəbələ
83%
Turan Tovuz
83%
İmişli
67%
Karvan
67%
MOİK
67%
Quba
67%
Səbail
67%
Şəfa
67%
Sumqayıt
67%
Zirə
67%
Difai Ağsu
50%
Lerik
50%
Mingəçevir
50%
Şəmkir
50%
Zaqatala
50%
Araz Saatlı
33%
Cəbrayıl
33%
Füzuli
33%
Göygöl
33%
Qusar
33%
Şahdağ Qusar
33%
Sheki City
33%
Ağdaş
17%
Baku Sportinq
17%
Dinamo
17%
Kür-Araz
17%
Şimal
17%
No matching quizzes found
Score Distribution
Percent of People with Each Score
Percentile by Number Answered
Your Score History
You have not taken this quiz since the last reset